000 01050nam1a2200265 i 4500
001 RU\NLR\BIBL_A\010829820
005 20240921131451.0
035 _a(NLR Aleph) 010829820
090 _a10282653
_c10282653
100 _a20150414g20129999u y0rusy50 ca
101 0 _arus
102 _aRU
105 _a||||z||||||||
200 1 _aВсе, чем сердце живет
_eпоэтический альманах
_eпосвящается 10-летию литературного объединения "Истоки"
_f[сост.: Берестина А.Ю. и др.]
210 _aВерхнеуральск
_aЧелябинск
_cДрузья
_d2012
215 _d21
686 2 _aШ6(2=Р)8-999
686 2 _aШ6(2=Р)8-98
702 1 _aБерестина
_bА. Ю.
_4220
712 0 2 _4570
_a"Истоки", литературное объединение
_cВерхнеуральск
_9481103
_3RU\NLR\AUTH\880407437
852 _aNLR
_j2015-3/11336
942 _cBOOK